|
|
|
|
| LEADER |
00000ny a22000003n 4500 |
| 005 |
20110606124129.0 |
| 008 |
080516s1982 sp s 000 0 spa c |
| 020 |
|
|
|a 8471302160
|
| 035 |
|
|
|a 679
|
| 040 |
|
|
|a UMA.RE
|d vLex
|
| 080 |
|
|
|a 347(460)
|
| 080 |
|
|
|a 347(460.23)
|
| 090 |
|
|
|c 2149
|d 2149
|
| 245 |
0 |
0 |
|a Comentarios al Cd̤igo Civil y compilaciones forales
|h [Recurso electrn̤ico]
|c dirigidos por Manuel Albaladejo
|
| 256 |
|
|
|a Servicio en ln̕ea
|
| 260 |
|
|
|a Madrid :
|b Revista de Derecho Privado :
|b Editoriales de Derecho Reunidas,
|c 1982
|
| 300 |
|
|
|a p. ;
|
| 505 |
0 |
|
|t Tomo XXVIII, Vol. 1, Artc̕ulos 97 a 121 de la Compilacin̤ de Cataluą /
|r comentados por Luis Puig Ferriol
|
| 506 |
1 |
|
|a Contenido solo disponible en los productos indicados
|d vLex Global
|d vLex Global (Academic Edition, excluding Law Schools)
|d vLex Global (U.S. Academic Edition, Law Schools)
|d vLex Global (U.S. Academic Edition, excluding Law Schools)
|d vLex Global (Academic Edition, Law Schools)
|
| 650 |
0 |
7 |
|2 Tesauro vLex
|a Civil
|
| 650 |
0 |
7 |
|2 Tesauro vLex
|a Cd̤igo civil
|
| 650 |
0 |
7 |
|2 Tesauro vLex
|a Derecho foral de Cataluą
|
| 700 |
1 |
|
|a Albaladejo Garca̕, Manuel,
|e dir
|
| 700 |
1 |
|
|a Puig Ferriol, Luis,
|e com
|
| 740 |
0 |
|
|a vLex Libros (Servicios en ln̕ea)
|
| 856 |
4 |
0 |
|z Acceso restringido
|u http://vlex.com/source/679
|
| 942 |
|
|
|c BOOK
|